000 01001nam a2200301 i 4500
001 16781
003 DO-SdUEMH
005 20260130204029.0
007 ta
008 211105s2006||||xx a|||gr|||| 0|| | spa d
020 _a9507432647
040 _aDO-SdUEMH
_bspa
_erda
041 _aspa
082 1 4 _a346.02 G791M 2006
_mRD
_bG791
084 _b08-01236
100 1 _aGreco, Orlando
_eaut
245 0 _aModelos de Contratos /
_cOrlando Greco
250 _aSegunda edición
260 _c2006
264 1 _bValleta Ediciones,
_c2006
300 _a399 páginas :
_c21 cm.
336 _2rdacontent
_atexto
_btxt
337 _2rdamedia
_asin mediación
_bn
338 _2rdacarrier
_avolumen
_bnc
505 2 _aSociedades comerciales -- Asociación civil y función -- Cooperativa -- Fondo de comercio -- Propiedad horizontal -- Contractos comerciales -- Contrato de locación -- Calculo financiero -- Compraventa inmobiliaria -- Contratos agricola-ganaderos.
942 _2ddc
_cBK
_n0
999 _c16781
_d16781